[Event "GER-ch U10"]
[Site "Willingen"]
[Date "2005.05.18"]
[Round "7"]
[White "Bluhm, Sonja Maria"]
[Black "Maedge, Rico"]
[Result "1-0"]
[WhiteElo "797"]
[BlackElo "826"]
[PlyCount "55"]
[EventDate "2005.05.14"]
[EventType "swiss"]
[EventRounds "11"]
[EventCountry "GER"]
[SourceTitle "CBM 106 Extra"]
[Source "ChessBase"]
[SourceDate "2005.07.01"]
[SourceVersion "1"]
[SourceVersionDate "2005.07.01"]
[SourceQuality "1"]

1. e4 d5 2. exd5 Qxd5 3. Nc3 Qe5+ 4. Qe2 Qd4 5. Nb5 Bg4 6. Nxd4 Bxe2 7. Bxe2 Nf6 8. Nb5 Nd5 9. Bf3 c6 10. Bxd5 cxb5 11. Bxb7 e6 12. Bxa8 Bc5 13. c3 0-0 14. d4 Bd6 15. Nf3 Re8 16. 0-0 Nd7 17. Bc6 Rd8 18. Bxd7 Rxd7 19. Ne5 Rc7 20. Be3 Rb7 21. a4 b4 22. cxb4 Rxb4 23. Nc6 Rxb2 24. Nxa7 e5 25. dxe5 Bxe5 26. Rab1 Ra2 27. Nc6 Bc3 28. Rb8# 1-0

[Event "GER-ch U10"]
[Site "Willingen"]
[Date "2005.05.17"]
[Round "6"]
[White "Maedge, Rico"]
[Black "Greilich, Sophie"]
[Result "1-0"]
[WhiteElo "826"]
[BlackElo "793"]
[PlyCount "59"]
[EventDate "2005.05.14"]
[EventType "swiss"]
[EventRounds "11"]
[EventCountry "GER"]
[SourceTitle "CBM 106 Extra"]
[Source "ChessBase"]
[SourceDate "2005.07.01"]
[SourceVersion "1"]
[SourceVersionDate "2005.07.01"]
[SourceQuality "1"]

1. e3 e5 2. Nc3 Nc6 3. Nf3 Bb4 4. b3 d6 5. Bc4 Nf6 6. Ng5 0-0 7. 0-0 Qe7 8. Qe2 Ng4 9. h4 Bxc3 10. Qd3 g6 11. dxc3 Bf5 12. Bxf7+ Rxf7 13. Qc4 Kg7 14. Nxf7 Be6 15. Qb5 Qxf7 16. Qxb7 Qe8 17. Qxc7+ Ne7 18. Qxd6 Nc6 19. f3 Rd8 20. Qc7+ Ne7 21. fxg4 Bxg4 22. Qxe5+ Kg8 23. e4 Qf7 24. Bh6 Nf5 25. exf5 gxf5 26. Rxf5 Qg6 27. Rg5 Rd1+ 28. Rxd1 Bxd1 29. Rxg6+ hxg6 30. Qg7# 1-0

[Event "GER-ch U10"]
[Site "Willingen"]
[Date "2005.05.15"]
[Round "1"]
[White "Schreiner, Till"]
[Black "Maedge, Rico"]
[Result "1-0"]
[WhiteElo "1204"]
[BlackElo "826"]
[PlyCount "145"]
[EventDate "2005.05.14"]
[EventType "swiss"]
[EventRounds "11"]
[EventCountry "GER"]
[SourceTitle "CBM 106 Extra"]
[Source "ChessBase"]
[SourceDate "2005.07.01"]
[SourceVersion "1"]
[SourceVersionDate "2005.07.01"]
[SourceQuality "1"]

1. e4 d6 2. d4 e6 3. Nf3 Nc6 4. Nc3 Nf6 5. Bg5 Be7 6. Bc4 h6 7. Bh4 Nxe4 8. Bxe7 Nxe7 9. Nxe4 d5 10. Bb5+ c6 11. Ne5 dxe4 12. Bc4 f6 13. Qh5+ g6 14. Nxg6 Nxg6 15. Qxg6+ Ke7 16. Qxe4 f5 17. Qe5 Rg8 18. 0-0-0 Rxg2 19. Rhe1 Qg8 20. Qxf5 Qg5+ 21. Qxg5+ hxg5 22. d5 b5 23. Bb3 Rxf2 24. dxe6 Rb8 25. h3 Rb7 26. Rd4 Rh2 27. Rg4 Rxh3 28. Rxg5 Rh6 29. Rg7+ Kd6 30. Rxb7 Bxb7 31. e7 Rh8 32. e8Q Rxe8 33. Rxe8 Kd7 34. Re1 a5 35. Kd2 a4 36. Bg8 c5 37. Kd3 b4 38. Kc4 Kd6 39. Re6+ Kd7 40. Kxc5 a3 41. bxa3 bxa3 42. Rd6+ Ke7 43. Bd5 Bc8 44. Kc6 Bf5 45. Kc7 Bg4 46. Be4 Bh5 47. c4 Bf7 48. Bf5 Bxc4 49. Ra6 Bxa6 50. Kb6 Bc4 51. Bb1 Kd6 52. Ka5 Kc5 53. Ka4 Bb5+ 54. Kxa3 Kc4 55. Kb2 Ba4 56. Bc2 Bc6 57. a3 Bd7 58. Ka2 Be6 59. Bb3+ Kc3 60. Bxe6 Kc2 61. a4 Kc3 62. a5 Kb4 63. a6 Ka5 64. a7 Ka6 65. a8Q+ Kb6 66. Qd5 Kc7 67. Bh3 Kb6 68. Kb3 Kc7 69. Qe6 Kb7 70. Qd6 Ka7 71. Qc6 Kb8 72. Bc8 Ka7 73. Qb7# 1-0